1045 1530 1082 1107 1734 1245 1891 1505 1339 1430 1664 1633 1935 1641 1802 1290 1880 1689 1327 1511 1322 1701 1257 1250 1577 1122 1112 1042 1977 1418 1992 1626 1528 1834 1110 1917 1101 1646 1824 1955 1577 1641 1833 1736 1367 1588 1863 1230 1529 1246 1408 1072 1781 1869 1615 1005 1901 1880 1330 1542 1771 1056 1343 1024 1351 1512 1434 1269 1302 1820 1961 1108 1471 1593 1605 1500 1264 1008 1844 1480 1303 1954 1577 1952 1360 1797 1596 1180 1893 1870 1908 1872 1927 1779 1913 1965 1251 1952 1141 BCNSPRNW ULIB Ver.6.0+V

เปลี่ยนเป็นภาษาไทย

Change to English
 แสดงรายละเอียดบรรณานุกรม
  กลับหน้าหลัก

Brief Record : Get Marc (ISO 2709) : E-mail record : QR code < ปิดหน้าต่าง
LEADER : 00000nam 2200000uu 4500
001    13399122571
003     ULIB
008    130731s2012||||th 000 0 Eng d
060  4 ^aWA18^bW926 2012
245 00 ^aWorking together for health security :^b4th international nursing and public health conference Thailand : April 10-12, 2012 The Empress Chiang Mai, Thailand Praboromarajchanok Institute, Ministry of Public Health, Thailand
260    ^a[n.p.:^bMinistry of Public Health,^c2012
300    ^a220 p. :^bill.
650  2 ^aHealth^xCongress
710 1  ^aMinistry of Public Health.^bPraboromrajchanok Institute.
856    ^z20130315132520_1774.pdf (Content)^uhttp://192.168.190.19/ULIB6//_fulltext/5/13399122571/20130731155339_3955.pdf
945    ^p0^l0^i033735
945    ^p0^l0^i033736
999    ^aเกษร โพธิ์สุวรรณ
รายการนี้ยังไม่มีแท็ก
คุณยังไม่ได้ล็อกอิน คุณสามารถมีกิจกรรมร่วมกับเว็บไซต์ได้ แต่ต้องล็อกอินก่อน ::
  ล็อกอิน

รายการสื่อสารสนเทศ

ลำดับที่ ประเภท เลขเรียก/บาร์โค้ด สถานที่ สถานะ
1. วิทยาศาสตร์การแพทย์ และสุขภาพ
หนังสือสำรอง
สถานะ=หนังสือสำรอง
WA18 W926 2012 ฉ.1 
  Barcode: 033735
ห้องสมุดวิทยาเขตสวรรค์ประชารักษ์
►หนังสือทั่วไป
บนชั้น
2. วิทยาศาสตร์การแพทย์ และสุขภาพ
วิทยาศาสตร์การแพทย์ และสุขภาพ
WA18 W926 2012 ฉ.2 
  Barcode: 033736
ห้องสมุดวิทยาเขตสวรรค์ประชารักษ์
►หนังสือทั่วไป
บนชั้น

BibComment


ยังไม่เคยถูกคอมเมนท์

คอมเมนท์ทรัพยากรรายการนี้
  คอมเมนท์: Working together..


 Copyright 2026. Bcnsprnw @Library